NDU-K Library Catalogue

Girl in a jacket 

International intervention : (Record no. 19237)

MARC details
000 -LEADER
fixed length control field 01256cam a22003254a 4500
001 - CONTROL NUMBER
control field 12668479
003 - CONTROL NUMBER IDENTIFIER
control field OSt
005 - DATE AND TIME OF LATEST TRANSACTION
control field 20240725122756.0
008 - FIXED-LENGTH DATA ELEMENTS--GENERAL INFORMATION
fixed length control field 020205s2002 oru b 001 0 eng
010 ## - LIBRARY OF CONGRESS CONTROL NUMBER
LC control number 2002020817
020 ## - INTERNATIONAL STANDARD BOOK NUMBER
International Standard Book Number 0714651923 (cloth)
020 ## - INTERNATIONAL STANDARD BOOK NUMBER
International Standard Book Number 0714681946 (paper)
040 ## - CATALOGING SOURCE
Original cataloging agency DLC
Transcribing agency DLC
Modifying agency DLC
042 ## - AUTHENTICATION CODE
Authentication code pcc
050 00 - LIBRARY OF CONGRESS CALL NUMBER
Classification number JZ6368
Item number .I585 2002
082 00 - DEWEY DECIMAL CLASSIFICATION NUMBER
Classification number 341.5/84
Edition number 21
245 00 - TITLE STATEMENT
Title International intervention :
Remainder of title sovereignty versus responsibility /
Statement of responsibility, etc. edited by Michael Keren and Donald A. Sylvan.
260 ## - PUBLICATION, DISTRIBUTION, ETC.
Place of publication, distribution, etc. Portland, OR :
Name of publisher, distributor, etc. F. Cass,
Date of publication, distribution, etc. 2002.
300 ## - PHYSICAL DESCRIPTION
Extent xi, 191 p. ;
Dimensions 24 cm.
504 ## - BIBLIOGRAPHY, ETC. NOTE
Bibliography, etc. note Includes bibliographical references and index.
650 #0 - SUBJECT ADDED ENTRY--TOPICAL TERM
Topical term or geographic name entry element Intervention (International law)
Form subdivision Congresses.
650 #0 - SUBJECT ADDED ENTRY--TOPICAL TERM
Topical term or geographic name entry element Sovereignty, Violation of
Form subdivision Congresses.
650 #0 - SUBJECT ADDED ENTRY--TOPICAL TERM
Topical term or geographic name entry element Humanitarian intervention
Form subdivision Congresses.
700 1# - ADDED ENTRY--PERSONAL NAME
Personal name Keren, Michael.
700 1# - ADDED ENTRY--PERSONAL NAME
Personal name Sylvan, Donald A.
856 42 - ELECTRONIC LOCATION AND ACCESS
Materials specified Publisher description
Uniform Resource Identifier <a href="http://www.loc.gov/catdir/enhancements/fy0652/2002020817-d.html">http://www.loc.gov/catdir/enhancements/fy0652/2002020817-d.html</a>
906 ## - LOCAL DATA ELEMENT F, LDF (RLIN)
a 7
b cbc
c orignew
d 1
e ocip
f 20
g y-gencatlg
942 ## - ADDED ENTRY ELEMENTS (KOHA)
Source of classification or shelving scheme Library of Congress Classification
Koha item type Normal Collection
Suppress in OPAC No
Holdings
Withdrawn status Lost status Source of classification or shelving scheme Damaged status Not for loan Home library Current library Date acquired Source of acquisition Total Checkouts Full call number Barcode Date last seen Copy number Price effective from Koha item type
    Library of Congress Classification     Joint Command and Staff College Joint Command and Staff College 25/07/2024 DONATION   JZ6368 .I585 2002 jcsc003562 25/07/2024 D5273/04 25/07/2024 Normal Collection
Copyright © 2026 [National Defence University - Kenya]. All rights reserved.